000 00521nam a22001577a 4500
082 _a621.11
_bASH
100 _aAshiq, Muqaddas (402171)
_9132410
245 _aRural Household Energy Consumption Profiling and LEAP-Based Demand Forecasting in Nushki District, Balochistan /
264 _aIslamabad :
_bUSPCAS-E, NUST
_cAugust, 2025
300 _axv, 77 p.
_e+CD
520 _aTH-680
650 _aMS TEE Thesis
_9116575
650 _aMS Thesis
_918721
700 _aSupervisor: Dr. Majid Ali
_9116940
942 _2ddc
_cTHE
999 _c615604
_d615604